000 00211 a2200109 4500
001 34586
090 _c22869
_d22869
100 _aHolzschlang, Mally E
245 _aUsing HTML 4
260 _aND
_bPHI
505 _aCD/DVD
942 _aNUST-CAE
999 _c269659
_d269659